| 000 | 01009cam a2200265 a 4500 | ||
|---|---|---|---|
| 005 | 20131112040044.0 | ||
| 008 | 970116s1997 nyu b 001 0 eng | ||
| 020 | _a0870784056 | ||
| 041 | 0 | _aeng | |
| 080 |
_a338 _x(47) |
||
| 100 | 1 |
_aSchweitzer, Glenn E., _d1930- |
|
| 245 | 1 | 0 |
_aExperiments in cooperation : _cGlenn E. Schweitzer. |
| 260 |
_aNew York : _bTwentieth Century Fund Press, _c1997. |
||
| 300 |
_axii, 177 p. ; _c23 cm. |
||
| 440 | 0 | _aRussia in transition | |
| 500 | _aForeword : f. V-VII | ||
| 500 | _a"A Twentieth Century Fund/Century Foundation report." | ||
| 504 | _aIncludes bibliographical references (p. 155-156) and index. | ||
| 650 | 0 |
_aAsistenca teknike, Amerikane _zRusia (Federata) |
|
| 650 | 0 | _aKorportatat | |
| 650 | 0 |
_aInvestimet, Amerikane _zRusia (Federata) |
|
| 651 | 0 |
_aUnited States _xMarrëdhëniet _zRusia (Federata) |
|
| 651 | 0 |
_aRussia (Federation) _xMarrëdhëniet _zShtetet e Bashkuara |
|
| 942 |
_2udc _cBK |
||
| 999 |
_c276 _d276 |
||